Questions aléatoires de géographie - 12 - Statistiques

Statistiques générales
  • Ce quiz a été pris 97 fois
  • Le résultat moyen est 8 sur 15
Statistiques - réponses
Indice Réponse % Correct
Quelle est la plus grande île de la Méditerranée ? la Sicile
93%
Quel pays a le kiwi austral pour symbole national non-officiel ? la Nouvelle-Zélande
89%
Quel fleuve américain donne son nom à un état jouxtant la Louisiane ? le Mississippi
88%
Quelle capitale est la plus proche de Buenos Aires ? Montevideo
81%
Quelle ville portugaise du Haut Douro prête son nom à un alcool de vin ? Porto
69%
Quelle région d'Asie centrale fut annexée par la Chine en 1951 ? le Tibet
66%
Quel pays insulaire est à mi-chemin de la Guadeloupe et de la Martinique ? la Dominique
61%
Quel province irlandaise est aussi le nom d'un fromage alsacien et d'une ville de Rhénanie ? Munster
52%
Quelle fleuve majeur africain passe par Bamako et Tombouctou ? le Niger
51%
Quelle chaîne de montagne couvre la région allant de l'Alabama jusqu'à la baie de Saint-Laurent ? les Appalaches
36%
Quel est le plus grand lac suisse alimenté par le Rhin ? le lac de Constance
29%
Quel fleuve français défini la frontière entre la France et le Surinam ? le Maroni
28%
Quelle île est surnommée "l'île d'Emeraude" ? l Irlande
27%
Quelle mer borde l'Ouest des Philippines ? la mer de Chine méridionale
20%
Quel région turque du centre de l'Anatolie tient son nom d'un peuple celte proche des gaulois ? la Galatie
4%
Aucun quiz correspondant
Distribution des résultats
% des personnes avec chaque résultat
Percentile par nombre de réponses
Votre historique - résultats
Vous n’avez pas pris ce quiz